|
|
|
|
| LEADER |
00000nam0a2200000 4500 |
| 001 |
82559 |
| 005 |
20231031095748.0 |
| 010 |
|
|
|a 5160021582
|b (в пер.)
|b 5000 экз.
|
| 021 |
|
|
|a RU
|b 04-74774
|9 04-3686
|
| 035 |
|
|
|a (RuTPU)RU\TPU\book\88712
|
| 090 |
|
|
|a 82559
|
| 100 |
|
|
|a 20051004d2005 m u0rusy5002 ca
|
| 101 |
0 |
|
|a rus
|
| 102 |
|
|
|a RU
|
| 105 |
|
|
|a y j 001zy
|
| 200 |
1 |
|
|a Теория статистики
|e учебник для экономических специальностей вузов
|f Московский государственный университет им. М. В. Ломоносова; под ред. Г. Л. Громыко
|
| 205 |
|
|
|a 2-е изд., перераб. и доп.
|
| 210 |
|
|
|a Москва
|c ИНФРА-М
|d 2005
|
| 215 |
|
|
|a 474, [1] с.
|d 22 см.
|
| 225 |
1 |
|
|a Классический университетский учебник
|
| 320 |
|
|
|a Предм. указ.: с. 461-471
|
| 320 |
|
|
|a Библиогр.: с. 459-460
|
| 330 |
|
|
|a В учебнике рассмотрен широкий круг вопросов статистической методологии: организация статистического наблюдения, обработка данных и их анализ. Особое внимание уделено статистическим методам анализа вариационных рядов и рядов динамики, выборочному наблюдению, изучению корреляционных связей, индексному методу. В приложении содержатся основные формулы и математические таблицы, используемые при анализе статистических данных и проверке различных гипотез. Для студентов и преподавателей экономических вузов и факультетов.
|
| 610 |
1 |
|
|a статистика
|
| 610 |
1 |
|
|a теория
|
| 610 |
1 |
|
|a предмет
|
| 610 |
1 |
|
|a метод
|
| 610 |
1 |
|
|a статистические наблюдения
|
| 610 |
1 |
|
|a статистические данные
|
| 610 |
1 |
|
|a группировки
|
| 610 |
1 |
|
|a статистические показатели
|
| 610 |
1 |
|
|a вариационные ряды
|
| 610 |
1 |
|
|a выборочные наблюдения
|
| 610 |
1 |
|
|a корреляционные взаимосвязи
|
| 610 |
1 |
|
|a ряды динамики
|
| 610 |
1 |
|
|a экономическая статистика
|
| 610 |
1 |
|
|a экономические индексы
|
| 610 |
1 |
|
|a учебники
|
| 686 |
|
|
|a С60я73
|v LBC/SL-A
|2 rubbk
|
| 702 |
|
1 |
|a Громыко
|b Г. Л.
|g Галина Леонтьевна
|4 340
|
| 712 |
0 |
2 |
|a Московский государственный университет им. М. В. Ломоносова
|2 stltpush
|3 (RuTPU)RU\TPU\col\7
|
| 801 |
|
0 |
|a RU
|b RKP
|c 20050121
|g PSBO
|
| 801 |
|
1 |
|a RU
|b 63413507
|c 20051004
|g PSBO
|
| 801 |
|
2 |
|a RU
|b 63413507
|c 20051031
|g PSBO
|
| 900 |
|
|
|a Статистика
|
| 942 |
|
|
|c BK
|
| 952 |
|
|
|a 521600
|b 030300
|